000 00640nam a2200217Ia 4500
005 20250508165814.0
008 008 250505s9999 xx 000 0 eng d
020 _a81-87129-00-X
037 _aTextual
040 _aFEDL
_beng
_cFEDL
041 _aeng
_2eng
084 _a370.109 54, PRA
_qFEDL
100 _aPrabhath S V Ed.
_9782021
245 0 _aPerspectives on Nai talim
260 _aNew Delhi, India
_bSerials Publications
_c2010
300 _axii, 364p.
365 _aINR
_b395
546 _aAcc. No. 91214 is gifted by Prof. Krishna Kumar
942 _cTEXL
_h370.109 54, PRA
999 _c1397557
_d1397557